A műfordító-költő Galgóczy Árpád

Elmentve itt :
Bibliográfiai részletek
Szerző: Szőke Katalin
Dokumentumtípus: Cikk
Megjelent: 1999
Sorozat:Tiszatáj 53 No. 4
Kulcsszavak:Galgóczy Árpád, Műfordítás - magyar - 20. sz. - életmű
Online Access:http://tiszataj.bibl.u-szeged.hu/17110
LEADER 00624nab a2200181 i 4500
001 tisza17110
005 20200330155228.0
008 161104s1999 hu o 0|| hun d
022 |a 0133-1167 
040 |a SZTE Tiszatáj Archívum  |b hun 
041 |a hun 
100 1 |a Szőke Katalin 
245 1 2 |a A műfordító-költő Galgóczy Árpád  |h [elektronikus dokumentum] /  |c  Szőke Katalin 
260 |c 1999 
300 |a 46-47 
490 0 |a Tiszatáj  |v 53 No. 4 
695 |a Galgóczy Árpád, Műfordítás - magyar - 20. sz. - életmű 
856 4 0 |u http://tiszataj.bibl.u-szeged.hu/17110/1/tiszataj_1999_004_046-047.pdf  |z Dokumentum-elérés